Virtually real: terrestrial laser scanning - (Record no. 122098)

MARC details
000 -LEADER
fixed length control field 00663cam a2200181 4500
008 - FIXED-LENGTH DATA ELEMENTS--GENERAL INFORMATION
fixed length control field 250123t2010 a 000 0 eng u
041 0# - LANGUAGE CODE
Language code of text/sound track or separate title eng
110 2# - MAIN ENTRY--CORPORATE NAME
Corporate name or jurisdiction name as entry element Royal Institution of Chartered Surveyors
Subordinate unit Geomatics Faculty
9 (RLIN) 4352
245 #3 - TITLE STATEMENT
Title Virtually real: terrestrial laser scanning -
Remainder of title understanding an evolving survey technology
260 ## - PUBLICATION, DISTRIBUTION, ETC.
Name of publisher, distributor, etc. RICS,
Date of publication, distribution, etc. 2010
300 ## - PHYSICAL DESCRIPTION
Extent 1
Type of unit folded sheet
Dimensions 44x21cm.
440 ## - SERIES STATEMENT/ADDED ENTRY--TITLE
Title RICS Geomatics client guide
650 ## - SUBJECT ADDED ENTRY--TOPICAL TERM
Topical term or geographic name entry element GEOMATICS
650 ## - SUBJECT ADDED ENTRY--TOPICAL TERM
Topical term or geographic name entry element LASER SCANNING
690 ## - LOCAL SUBJECT ADDED ENTRY--TOPICAL TERM (OCLC, RLIN)
Topical term or geographic name as entry element Geomatics
9 (RLIN) 6242
856 ## - ELECTRONIC LOCATION AND ACCESS
Uniform Resource Identifier <a href="https://communities.rics.org/gf2.ti/f/200194/4271685.1/PDF/-/758_LaserScanning%20final%20e%20copy.pdf">https://communities.rics.org/gf2.ti/f/200194/4271685.1/PDF/-/758_LaserScanning%20final%20e%20copy.pdf</a>
942 ## - ADDED ENTRY ELEMENTS (KOHA)
Suppress in OPAC 0
Source of classification or shelving scheme Dewey Decimal Classification
Holdings
Withdrawn status Lost status Damaged status Not for loan Home library Current library Shelving location Date acquired Total Checkouts Date last seen Price effective from Koha item type
        Virtual Virtual Online 23/01/2025   23/01/2025 23/01/2025 Online material